Responses for show #640 - Friday, May 22, 1987

1987 Senior Tournament final game 2.

Contestants

[<< previous game]

Irene Grzywacz, a teacher originally from Connecticut (subtotal of $0)

Lee Saunders, a part-time textbook editor from Orlando, Florida (subtotal of $5,800)

Zeke Sevilla, Jr., a criminal lawyer from Vienna, Virginia (subtotal of $9,801)

[next game >>]

Jeopardy! Round responses

BUSINESS & INDUSTRY
BEAVERS
BY THE NUMBERS
BIG BANDS
BEEF
BRITISH GHOSTS
    $100 3
smoking

Irene
    $100 2
eager beaver

Lee
    $100 1
501

Triple Stumper
    $100 26
Guy Lombardo

Zeke
    $100 10
beer

Zeke
    $100 16
(Alex: At Hampton Court.)

Henry VIII

Irene
    $200 7
Walter Cronkite

Zeke
    $200 4
USA & Canada

Zeke
    $200 8
101

Zeke
    $200 27
Ozzie Nelson

Lee
    $200 11
milk

Zeke
    $200 17
female

Irene
    $300 20
clocks

Zeke
    $300 5
teeth

Irene
    $300 9
'65 (1965)

Triple Stumper
    $300 28
Bob Crosby

Irene
    $300 12
(Zeke: What is round?)

chuck

ZekeIrene
    $300 18
the hound of the Baskervilles

Triple Stumper
    $400 21
(Zeke: What is a toilet fixture?)

bathtub

Zeke
Triple Stumper
    $400 6
Louise Beavers

Lee
    $500 24
(Zeke: No, I don't know that.)
...
(Alex: And we have a minute to go in this round.)

20/20 & 227

Zeke
    $400 29
[The end-of-round signal sounds.]

Gene Krupa

Zeke
    $400 13
marbling

Irene
    $400 19
(Zeke: What is the ghost of Christmas Past?)

the ghost of Jacob Marley

ZekeLee
    $500 22
Hasbro (Hassenfeld Brothers)

Triple Stumper
    $500 14
Bucky Beaver

Triple Stumper
    $500 25
(Irene: What is Union Pacific?)

I-80

Irene
Triple Stumper
    $500 15
hash

Zeke
    $500 23
Ray Milland

Zeke

Scores at the first commercial break (after clue 13):

Zeke Lee Irene
$600 $500 $1,100

Scores at the end of the Jeopardy! Round:

Zeke Lee Irene
$1,100 $1,100 $1,200

Double Jeopardy! Round responses

MOUNTAINS
ARTISTS
WORLD WAR II
ECONOMICS
RELIGIOUS HISTORY
'60s TRIVIA
(Alex: 1960s trivia.)
    $200 12
Himalayas

Lee
    $200 17
Andy Warhol

Zeke
    $200 1
China

Lee
    $200 9
one trillion dollars

Irene
    $200 6
Mohammed

Zeke
    $200 18
Joe Namath

Zeke
    $400 13
(Zeke: What are the Alleghenies?)

Appalachians (or Cumberlands)

ZekeIrene
    $400 20
etchings

Zeke
    $300 2
"Boogie Woogie Bugle Boy (of Company B)"

Lee
    $400 27
(Zeke: What is $32?)
(Irene: What is $33?)
...
(Alex: Less than a minute to go in the round.)

$35

ZekeLeeIrene
    $500 7
Rasputin

Zeke
    $400 19
Helen Gurley Brown

Irene
    $600 14
Grand Teton

Lee
    $600 24
landscapes

Irene
    $600 3
Wernher Von Braun

Zeke
    $600 28
Gramm-Rudman Bill

Zeke
    $600 8
Avignon

Lee
    $600 21
How to Succeed in Business Without Really Trying

Lee
    $800 15
Mont Blanc

Irene
    $800 25
(Zeke: What is France?)

Russia

ZekeIrene
    $800 4
Winston Churchill

Lee
    $800 29
Herbert Hoover

Lee
    $800 10
(Zeke: What is the, uh... Jewish?)

the Mormon church

ZekeIrene
    $800 22
Nelson Rockefeller

Irene
    $1000 16
(Alex: Denali means "the great one.")

Mount McKinley

Lee
    $1000 26
Goya

Zeke
    $1000 5
Burma

Zeke
    $1000 30
(Irene: Who was Chester Bowles?)

John Kenneth Galbraith

ZekeIrene
    $1000 11
Geneva

Zeke
    $1000 23
Stalin's daughter (Svetlana Alliluyeva)

Irene

Scores at the end of the Double Jeopardy! Round:

Zeke Lee Irene
$5,400 $6,600 $5,600

[wagering suggestions for these scores]

Final Jeopardy! Round responses

PRESIDENTS
ZekeWho was Abraham Lincoln?
$4,800
IreneWho was Van Buren
$5,600
LeeWho was Andrew Jackson?
$4,600
Abraham Lincoln (in Kentucky)

Final scores:

Zeke Lee Irene
$10,200 $2,000 $0

Cumulative scores:

Zeke Lee Irene
$20,001 $7,800 $0
Tournament champion: $25,000 1st runner-up: $10,000 2nd runner-up: $7,500

Game dynamics:

Coryat scores:

Zeke Lee Irene
$5,800 $6,700 $5,600
21 R
(including 1 DD),
8 W
(including 1 DD)
14 R
(including 1 DD),
0 W
16 R,
3 W

Combined Coryat: $18,100

The J! Archive is created by fans, for fans. The Jeopardy! game show and all elements thereof, including but not limited to copyright and trademark thereto, are the property of Jeopardy Productions, Inc. and are protected under law. This website is not affiliated with, sponsored by, or operated by Jeopardy Productions, Inc. Join the discussion at JBoard.tv.